banner-ar

المبيدات الخضراء و المكافحة الامنة للافات / (Record no. 60019)

MARC details
000 -الفاتح
حقل البيانات ثابتة الطول 01138nam a22002537a 4500
005 - وقت وتاريخ اخر تعامل مع التسجيلة
رقم الضبط 20240530110348.0
008 - عناصر البيانات ثابتة الطول - معلومات عامة
حقل البيانات ثابتة الطول 141214s2010 ua dof f b 000 0 ara d
017 ## - رقم الايداع القانونى
رقم الايداع القانونى 2010/1777
المصدر ( الهيئة المختصة) مصر . دار الكتب المصرية
020 ## - الرقم الدولى المعيارى للكتب
الرقم الدولى المعيارى للكتاب 9772583755
040 ## - مصدر الفهرسة
وكالة الفهرسة الأصلية EG-CaGPL
041 0# - رمز اللغة
رمز لغة النص/ المسارات الصوتية أو العنوان الانفرادي ara
082 04 - رقم تصنيف ديوى العشرى
رقم الطبعة 21
رقم التصنيف 668.65\
رقم المادة أ م
100 0# - المدخل الرئيسى - إسم شخصى
الإسم الشخصى ابو شبانة مصطفى عبدالرحمن
245 12 - بيان العنوان
العنوان المبيدات الخضراء و المكافحة الامنة للافات /
بيان المسئوليه,etc ابو شبانة مصطفى عبدالرحمن
رقم الجزء/قسم العمل الجزء الاول
اسم جزء/قسم العمل اخطار المبيدات غير الخضراء
رقم الجزء/قسم العمل الجزء الثانى
اسم جزء/قسم العمل مجالات المبيدات الخضراء
250 ## - بيان الطبعة
بيان الطبعة ط1
260 ## - PUBLICATION, DISTRIBUTION, ETC. (IMPRINT)
تاريخ النشر أو التوزيع 2010
300 ## - الوصف المادى
التعداد 2 جزء :
تفاصيل ماديه اخرى للوعاء ايض ؛
أبعاد الوعاء 24 سم
504 ## - تبصرة ببليوجرافية
تبصرة ببليوجرافية,الخ يشتمل على ارجاعات ببليوجرافية
650 04 - المدخل الاضافى بالموضوع-مصطلح موضوعى
مصطلح موضوعي الخضروات
التقسيم الفرعي العام افات
650 04 - المدخل الاضافى بالموضوع-مصطلح موضوعى
مصطلح موضوعي الخضروات
التقسيم الفرعي العام عقاقير
650 04 - المدخل الاضافى بالموضوع-مصطلح موضوعى
مصطلح موضوعي الخضروات
التقسيم الفرعي العام افات
-- مكافحة امنة
942 ## - عناصر المدخل الإضافي( كوها)
مصدر التصنيف او مخطط الترفيف Dewey Decimal Classification
Koha [default] item type كتاب
260 ## - PUBLICATION, DISTRIBUTION, ETC. (IMPRINT)
-- القاهرة :
-- الدار العربية للنشر و التوزيع ،
Holdings
حالة التراجع حالة الفقد حالة تلف ليس للاعارة المكان المؤقت الموقع الحالى تاريخ الاكتساب اجمالي اﻻعارات رقم الطلب الباركود تاريخ اخر مشاهدة تاريخ تفعيل السعر نوع وعاء كوها
        مكتبة القاهرة الكبرى مكتبة القاهرة الكبرى 12/14/2014   668.65\ أ م 158998 12/14/2014 12/14/2014 كتاب
        مكتبة القاهرة الكبرى مكتبة القاهرة الكبرى 12/14/2014   668.65\ أ م 158999 12/14/2014 12/14/2014 كتاب

Powered By

EGPV